000 00454nam a2200169Ia 4500
008 230725s1991 xx 000 0 und d
041 _aeng
082 _a615
_bISS
100 _aISSAR. R .K
245 _aMEDICO ETHNO- BOTANICAL EXPLORATIONS OF SIKKIM HIMALYA
260 _bCENTRAL COUNCIAL FOR RESEARCH IN AYURVEDIC
_c1991
300 _a204
500 _aTEXT BOOK
501 _aPGY
520 _aPB
650 _aPHARMACOGNOSY & PHYTHOCHEMISTRY
999 _c767725
_d767725